000 00690nam a2200265Ia 4500
003 OSt
005 20220912150438.0
006 a|||||r|||| 00| 0
007 ta
008 220909b |||||||| |||| 00| 0 eng d
024 _a35181
037 _cTextual
040 _aCSL
_beng
_cCSL
041 _aeng
082 _aY7:96, L7
100 _aFriedman J Ed.
245 0 _aEvolution of social systems
260 _aGreat
_bBritain Duckworth
_c1977
300 _axv, 562p.
_ccm.
650 _a Human ecology
650 _aAnthropology
700 _a Rowlands M J Ed.
942 _hY7:96, L7
_cTEXL
_2CC
999 _c47439
_d47439